| 000 | 02205nmm a22004217a 4500 | ||
|---|---|---|---|
| 003 | CHAP | ||
| 005 | 20240531130445.0 | ||
| 007 | co ag aaaaa | ||
| 008 | 000412d1997 mx b o00010 spa d | ||
| 010 | _a80816 | ||
| 011 | _a81788 | ||
| 020 | _q968-16-5398-X | ||
| 035 | _a92268 | ||
| 040 | _cCHAP | ||
| 041 | _aspa | ||
| 090 | _aCD-3 | ||
| 110 | 0 | _aMéxico. Presidencia de la República | |
| 245 | 1 | 4 |
_aLas razones y las obras : _h[disco compacto] _bgobierno de Miguel de la Madrid _c/por Presidencia de la República |
| 260 |
_aMéxico, D. F. : _bFondo de Cultura Económica, _c1997. |
||
| 300 |
_a1 disco compacto _c4 3/4 plgs. _bfotografías, caricaturas |
||
| 336 | _2rdacontent | ||
| 337 |
_2rdamedia _aordenador _bc |
||
| 338 |
_2rdacarnie _adisco de computadota _bcd |
||
| 516 | _aNumérico (Estadísticas resumidas) | ||
| 520 | _aLa Unidad de la crónica Presidencial fue creada un 1983 por mandato del Presidente de la República. Lic. Miguel de la Madrid Hurtado. Los objetivos principales de este organismo fueron tres : Concentrar las publicaciones oficiales del periodo gubernamental de 1982-1988. Crear un centro de información del Gobierno Federal. Registrar las actividades del Presidente de la República con la finalidad de publicar la crónica del Gobierno 1982-1988. | ||
| 538 | _aRequerimientos técnicos : Computadora IBM PC o compatible 486 o superior. Lector de discos compactos 2x o superior. Sistema operativo Microsoft Windows 3.11 o superior. Mouse. Monitor VGA o SVGA. Instalación y consulta : Cámbiese a la unidad de CD-ROM (generalmente D o E). Escriba instalar y pulse enter. Espere un momento mientras se instala el CD de manera automática. Cada que desee consultar en Windows pulse doble clic sobre el ícono. | ||
| 590 |
_aBATCH-UPD _b10 _c20130110 |
||
| 590 |
_aBATCH-UPD _b10 _c20130410 |
||
| 590 |
_aBATCH-UPD _b10 _c20130914 |
||
| 590 |
_aBATCH-UPD _b10 _c20161124 |
||
| 590 |
_aCONVERSION _b10 _c20130109 |
||
| 651 | 4 |
_aMéxico _xPolítica y gobierno. _976783 |
|
| 700 | 0 |
_aMadrid Hurtado, Miguel de la. _969704 |
|
| 901 | _aBK | ||
| 905 | _aLilia Sánchez G. | ||
| 942 |
_cCD _2local |
||
| 949 |
_aCD-3 _bBC _cCD _d33724000778494 _eCD _i92268 _sb |
||
| 999 |
_c80816 _d80816 |
||